Del sentimiento e idea política en Don Santiago Ramón y Cajal / (Record no. 58306)

MARC details
000 -LEADER
campo de control de longitud fija 00580nam a2200169 i 4500
001 - NÚMERO DE CONTROL
campo de control 58306
003 - IDENTIFICADOR DE NÚMERO DE CONTROL
campo de control ES-MaACL
005 - FECHA Y HORA DE LA ÚLTIMA TRANSACCIÓN
campo de control 20230906163756.0
007 - CAMPO FIJO DE DESCRIPCIÓN FÍSICA--INFORMACIÓN GENERAL
campo de control de longitud fija t|
008 - DATOS DE LONGITUD FIJA--INFORMACIÓN GENERAL
campo de control de longitud fija 031021s1948 sp ||||1| spa d
100 1# - ENTRADA PRINCIPAL--NOMBRE DE PERSONA
Nombre de persona Durán Muñoz, García.
9 (RLIN) 46230
245 10 - MENCIÓN DEL TÍTULO
Título Del sentimiento e idea política en Don Santiago Ramón y Cajal /
Mención de responsabilidad, etc. García Durán Muñoz ; Prólogo de Julián Sánchez Duarte.
260 ## - PUBLICACIÓN, DISTRIBUCIÓN, ETC.
Lugar de publicación, distribución, etc. [Madrid] :
Nombre del editor, distribuidor, etc. Editora Nacional,
Fecha de publicación, distribución, etc. 1948 (
Fabricante Yagües)
300 ## - DESCRIPCIÓN FÍSICA
Extensión XV, 349 p. ;
Dimensiones 20 cm.
700 1# - ENTRADA AGREGADA--NOMBRE PERSONAL
Nombre de persona Sánchez Duarte, Julián.
9 (RLIN) 102618
852 ## - LOCALIZACIÓN
Ubicación ES-MaACL
Número de control de estantería F-5242
Sublocalización o colección R.26794
Holdings
Estatus retirado Estado de pérdida Estado de daño No para préstamo Biblioteca de origen Biblioteca actual Ubicación en estantería Fecha de adquisición Fuente de adquisición Total de préstamos Signatura topográfica completa Código de barras Visto por última vez Precio de reemplazo Tipo de ítem Koha
        Biblioteca del Ateneo de Madrid Biblioteca del Ateneo de Madrid Depósito 2 17/01/2008     F-5242 1061182 23/02/2023 23/02/2023 Libro impreso